Statistiques concernant 40 Personnages avec les cheveux Roses ( anime / manga )

Cliquez ici pour prendre le quiz!

Statistiques générales

  • Ce quiz a été pris 52 fois
  • Le résultat moyen est 12 sur 40

Statistiques - réponses

Réponse% Correct
Natsu
92%
Sakura
92%
Linlin
86%
Itadori
76%
Anya
71%
Mitsuri
55%
Rebecca
53%
Perona
51%
Zero Two
51%
Saiki
45%
Mina
43%
Reiju
41%
Gowther
39%
Ram
37%
Virgo
33%
Mei
31%
Gilthunder
29%
Shirahoshi
29%
Vanessa
27%
Szayel Aporro
20%
Yachiru
20%
Milim Nava
18%
Shoko Nishimiya
18%
Yuno
18%
Machi
16%
Yuki
14%
Bazz B
12%
Hachi / Hachigen
12%
Mine
10%
Morgiana / Morgiane
10%
Shuna
10%
Trish
10%
Kirio
6%
Meninas
6%
Riruka
6%
Camille / Chibiusa
4%
Crona
4%
Renzo
4%
Macy
2%
Masami Iwazawa
0%

Distribution des résultats

Percentile par nombre de réponses

% des personnes avec chaque résultat

Votre développement - résultats

Vous n’avez pas pris ce quiz